Perspectiva sociológica. Una introducción a la sociología no obvia /
El autor hace una exposición de algunos de los principios centrales de la disciplina sociológica acerca de cómo funciona el mundo social, aspectos que van más allá de una visión obvia y superficial de la interacción. Se discuten temas sobre la racionalidad y el comportamiento social, la sociología d...
Furkejuvvon:
| Váldodahkki: | |
|---|---|
| Materiálatiipa: | Dovdameahttun |
| Giella: | Spanish |
| Almmustuhtton: |
Argentina :
Universidad Nacional de Quilmes Editorial,
|
| Ráidu: | Intersecciones Carlos Altamirano
|
| Fáttát: | |
| Fáddágilkorat: |
Lasit fáddágilkoriid
Eai fáddágilkorat, Lasit vuosttaš fáddágilkora!
|
MARC
| LEADER | 00000 a2200000 04500 | ||
|---|---|---|---|
| 001 | 40480 | ||
| 003 | cru CIDCACS/IIS | ||
| 005 | 20200925160146.0 | ||
| 008 | 050701s2009 ag spa d | ||
| 020 | |a 9789875581777 | ||
| 040 | |c CRAI/IIS |a CRAI/IIS | ||
| 090 | |a SO 05.01.01 C712p | ||
| 100 | |a Collins, Randall | ||
| 245 | |a Perspectiva sociológica. Una introducción a la sociología no obvia / |c Randall Collins, Lelia Gándara, traductora | ||
| 260 | |a Argentina : |b Universidad Nacional de Quilmes Editorial, | ||
| 300 | |a 237 páginas | ||
| 440 | |a Intersecciones |a Carlos Altamirano | ||
| 520 | |a El autor hace una exposición de algunos de los principios centrales de la disciplina sociológica acerca de cómo funciona el mundo social, aspectos que van más allá de una visión obvia y superficial de la interacción. Se discuten temas sobre la racionalidad y el comportamiento social, la sociología de la religión, el poder, el delito, entre otros temas. | ||
| 590 | |a DISEMINAR112010/RRA/NOVIEMBRE2010 | ||
| 650 | |a SOCIOLOGIA | ||
| 650 | |a TEORIA | ||
| 650 | |a COMPORTAMIENTO SOCIAL | ||
| 650 | |a INTEGRACION SOCIAL | ||
| 650 | |a ANALISIS SOCIOLOGICO | ||
| 650 | |a RELIGION | ||
| 650 | |a PODER | ||
| 942 | |2 ddc |c LI | ||
| 999 | |c 3958 |d 3958 | ||



